Find and compare landlords (Record no. 120837)

MARC details
000 -LEADER
fixed length control field 00816cai a22001815a 4500
001 - CONTROL NUMBER
control field L149160
008 - FIXED-LENGTH DATA ELEMENTS--GENERAL INFORMATION
fixed length control field 100120u xxk g 000 0 eng d
035 ## - SYSTEM CONTROL NUMBER
System control number (Sirsi) u149160
041 0# - LANGUAGE CODE
Language code of text/sound track or separate title eng
110 2# - MAIN ENTRY--CORPORATE NAME
Corporate name or jurisdiction name as entry element Tenant Services Authority
9 (RLIN) 5662
245 00 - TITLE STATEMENT
Title Find and compare landlords
Medium [electronic resource]
520 ## - SUMMARY, ETC.
Summary, etc. Compares the performance of social landords. Provides information on rent levels, tenant satisfaction scores, response to repairs and on taking tenants views into account. Search by postcode, area or local authority.
590 ## - LOCAL NOTE (RLIN)
Local note KA NTK
651 #4 - SUBJECT ADDED ENTRY--GEOGRAPHIC NAME
Geographic name England and Wales
Chronological subdivision 1543-
690 ## - LOCAL SUBJECT ADDED ENTRY--TOPICAL TERM (OCLC, RLIN)
Topical term or geographic name as entry element PROPERTY-RESIDENTIAL PROPERTY-RESIDENTIAL PROPERTY MANAGEMENT
856 40 - ELECTRONIC LOCATION AND ACCESS
Uniform Resource Identifier <a href="https://portal.tenantservicesauthority.org/">https://portal.tenantservicesauthority.org/</a>
Public note View the website free of charge at www.tenantservicesauthority.org...
942 ## - ADDED ENTRY ELEMENTS (KOHA)
Suppress in OPAC 0
Holdings
Withdrawn status Lost status Source of classification or shelving scheme Damaged status Not for loan Home library Current library Shelving location Date acquired Total Checkouts Full call number Barcode Date last seen Copy number Price effective from Koha item type
    Dewey Decimal Classification     Virtual Virtual Online 20/01/2010   WEBSITE 149160-2001 06/08/2019 1 06/08/2019 Online material